00472 a2200169 450000100060000002000150000608200120002109000170003310000200005024500290007026000370009930000140013650000170015094200220016799900190018995200940020892147 a9698866000 a297 KHA c44108d44107 aZafarullah Khan aKisi Aur Zamane Ka Khwab aIslamabadbAimal Matboohatc2004 axx, 149p. aGeneral Book aCAE NUSTk297 KHA c327220d327220 001040708NFICaCAEbCAEd2017-04-03l0o297 KHApCAEG-9930r2017-04-05w2017-04-05yBK